[Event "Malatya Golden Apricot op 3rd"]
[Site "Malatya"]
[Date "2015.08.26"]
[Round "2"]
[White "Dogan, Oktay"]
[Black "Rahmani, Jamshid"]
[Result "1-0"]
[WhiteElo "1623"]
[BlackElo "1698"]
[PlyCount "125"]
[EventDate "2015.08.25"]
[EventType "swiss"]
[EventRounds "9"]
[EventCountry "TUR"]
[SourceTitle "EXT 2016"]
[Source "ChessBase"]
[SourceDate "2015.10.08"]
[SourceVersion "1"]
[SourceVersionDate "2015.10.08"]
[SourceQuality "1"]

1. Nf3 Nf6 2. d4 g6 3. g3 Bg7 4. Bg2 d5 5. c4 c6 6. cxd5 cxd5 7. Nc3 0-0 8. 0-0 Nc6 9. Bf4 a6 10. Rc1 Re8 11. Re1 Bg4 12. Ne5 Nxe5 13. Bxe5 Bh6 14. Rb1 Be6 15. Qb3 b5 16. Bxf6 exf6 17. Bxd5 Bd2 18. Bxe6 Rxe6 19. Rf1 Bxc3 20. bxc3 Rxe2 21. Rb2 Qe7 22. Rxe2 Qxe2 23. a4 Rc8 24. axb5 axb5 25. Rb1 Kg7 26. Qxb5 Qxb5 27. Rxb5 Rxc3 28. Kf1 Rc4 29. Rd5 f5 30. Ke2 Kf6 31. Kd3 Rc1 32. Kd2 Rh1 33. h4 f4 34. Ke2 fxg3 35. fxg3 h5 36. Ke3 Ke6 37. Ra5 Re1+ 38. Kf4 Rd1 39. Ke3 Rf1 40. Ra6+ Kf5 41. Ra5+ Kg4 42. Rg5+ Kh3 43. d5 Rd1 44. Ke4 Re1+ 45. Kd4 Rd1+ 46. Ke5 Rd3 47. Kf6 Rf3+ 48. Ke7 f5 49. d6 Re3+ 50. Kf7 f4 51. gxf4 Kxh4 52. Rd5 Ra3 53. d7 Ra7 54. Kxg6 Ra6+ 55. Kf7 Ra7 56. Ke8 Ra8+ 57. d8Q+ Rxd8+ 58. Kxd8 Kg4 59. f5 Kg5 60. Ke7 h4 61. f6+ Kg6 62. f7 h3 63. f8Q 1-0